000 00417nam a2200145Ia 4500
008 220216s9999 xx 000 0 und d
100 _aSchuring D J
245 0 _aRolling loss of pneumatic highway tires in the eighties (1990 reviews)
260 _bRubber Chemistry and Technology
_c1990
300 _a315-367
650 _a1990 reviews
650 _aPneumatic highway tires
700 _aFutamura S
942 _cJS
999 _c67230
_d67230